Successful Focus Groups: (Record no. 3857)

MARC details
000 -LEADER
fixed length control field 01182cam a2200313 a 4500
001 - CONTROL NUMBER
control field 4886810
003 - CONTROL NUMBER IDENTIFIER
control field OSt
005 - DATE AND TIME OF LATEST TRANSACTION
control field 20191209143413.0
008 - FIXED-LENGTH DATA ELEMENTS--GENERAL INFORMATION
fixed length control field 930201s1993 cau b 001 0 eng
010 ## - LIBRARY OF CONGRESS CONTROL NUMBER
LC control number 93006872
020 ## - INTERNATIONAL STANDARD BOOK NUMBER
International Standard Book Number 978-0803948747
020 ## - INTERNATIONAL STANDARD BOOK NUMBER
International Standard Book Number 0803948743 (pb)
040 ## - CATALOGING SOURCE
Original cataloging agency DLC
Transcribing agency DLC
Modifying agency DLC
050 00 - LIBRARY OF CONGRESS CALL NUMBER
Classification number H61.28
Item number .S83 1993
082 00 - DEWEY DECIMAL CLASSIFICATION NUMBER
Classification number 300.72 SUC 1993
Edition number 20
100 ## - MAIN ENTRY--PERSONAL NAME
Personal name David L. Morgan, editor.
9 (RLIN) 13147
245 00 - TITLE STATEMENT
Title Successful Focus Groups:
Remainder of title advancing the state of the art
260 ## - PUBLICATION, DISTRIBUTION, ETC. (IMPRINT)
Place of publication, distribution, etc. Newbury Park, Calif. :
Name of publisher, distributor, etc. Sage Publications,
Date of publication, distribution, etc. 1993.
300 ## - PHYSICAL DESCRIPTION
Extent xv, 271 p. ;
Dimensions 22 cm.
490 0# - SERIES STATEMENT
Series statement Sage focus editions
504 ## - BIBLIOGRAPHY, ETC. NOTE
Bibliography, etc Includes bibliographical references (p. 245-256) and indexes.
650 #0 - SUBJECT ADDED ENTRY--TOPICAL TERM
Topical term or geographic name as entry element Art craft
9 (RLIN) 5010
650 #0 - SUBJECT ADDED ENTRY--TOPICAL TERM
Topical term or geographic name as entry element Social sciences
9 (RLIN) 1100
856 42 - ELECTRONIC LOCATION AND ACCESS
Materials specified Publisher description
Uniform Resource Identifier http://www.loc.gov/catdir/enhancements/fy0655/93006872-d.html
856 41 - ELECTRONIC LOCATION AND ACCESS
Materials specified Table of contents only
Uniform Resource Identifier http://www.loc.gov/catdir/enhancements/fy0655/93006872-t.html
906 ## - LOCAL DATA ELEMENT F, LDF (RLIN)
a 7
b cbc
c orignew
d 1
e ocip
f 19
g y-gencatlg
942 ## - ADDED ENTRY ELEMENTS (KOHA)
Source of classification or shelving scheme Dewey Decimal Classification
Koha item type Short Loan
Holdings
Withdrawn status Lost status Source of classification or shelving scheme Damaged status Not for loan Home library Current library Date acquired Source of acquisition Inventory number Total Checkouts Full call number Barcode Date last seen Koha item type
    Dewey Decimal Classification     MUST Main Library MUST Main Library 03/05/2016 Donation 06/27079   300.72 SUC 1993 2016-1558 03/05/2016 Short Loan